[Event "VIII Iberoamericano Mexico 2022"]
[Site "Mexico City"]
[Date "2022.02.19"]
[Round "8.39"]
[White "Herrera Aruca, Jorge Frank"]
[Black "Alfaro, William"]
[Result "1/2-1/2"]
[WhiteElo "1964"]
[BlackElo "2143"]
[Annotator "TA"]
[PlyCount "96"]
[EventDate "2022.02.12"]
[EventType "swiss"]
[EventCountry "MEX"]
[SourceTitle "playchess.com"]
[Source "ChessBase"]
[SourceQuality "1"]

{[%evp 16,96,14,14,15,1,10,0,14,0,12,8,52,30,37,29,29,7,19,14,25,16,37,38,35,37,33,32,40,0,52,31,56,19,62,72,825,79,85,79,80,72,80,28,31,8,10,0,0,-79,-102,-109,0,0,0,0,7,-10,0,0,17,11,40,45,56,43,29993,0,137,0,0,0,0,-81,-77,-136,0,0,0,0,0,0,562]} 1. e4 c5 2. Nf3 Nc6 3. Bb5 g6 4. Bxc6 dxc6 5. d3 Bg7 6. O-O Nf6 {[%cal Bg8f6,Bf6h5,Bh5f4][%mdl 32]} 7. Nc3 O-O 8. Be3 {8.h3 might become the main line.} b6 9. h3 e5 {B31: Sicilian: 2...Nc6 3 Bb5 g6.} 10. Qc1 Qd6 11. Bh6 Nh5 12. Bxg7 Kxg7 {[#]} 13. Ne2 $146 ({Predecessor:} 13. Re1 Qf6 14. Qg5 Qxg5 15. Nxg5 Nf4 16. Nf3 f6 17. a3 Ne6 18. b4 Bd7 19. bxc5 Nxc5 {0-1 (50) Hammer,J (2608)-Visakh,N (2516) Chess.com INT 2021}) 13... f5 (13... Qf6 $11) 14. exf5 Bxf5 15. Qe3 Rae8 $1 16. Ng5 {Inhibits e4.} Nf4 17. Ne4 Qd5 18. Rad1 Rd8 (18... Qxa2 19. Nd6 Nxe2+ 20. Qxe2 $14) 19. Nxf4 exf4 20. Qxf4 Bxh3 $1 21. Qg3 Bf5 22. Rfe1 Rfe8 (22... Bxe4 $11 23. dxe4 Qxd1 24. Rxd1 Rxd1+ 25. Kh2 h5) 23. Ng5 Qd7 {[%cal Oc5c4]} 24. Re5 Rxe5 (24... c4 $11 {was preferrable.}) 25. Qxe5+ $14 Kh6 $2 {[%mdl 8192]} (25... Kg8 $16) 26. Qe3 $2 (26. Qf6 $1 $18 Rf8 27. Qxf8+ Kxg5 28. Re1) 26... Kg7 $16 {Inhibits Nf7.} 27. Re1 $1 {[%cal Og2g4] White is more active.} Qd6 28. Nf3 Rd7 {To avoid Qe7+} 29. Nh4 (29. b3 $16) 29... Rf7 $11 30. Qg5 {[%cal Oe1e7]} Qd4 31. Nf3 Qxb2 32. Qd8 (32. Ne5 $11 Qc3 33. Re2) 32... Qf6 $1 $17 ({But not} 32... Qxa2 33. Ng5 Rd7 34. Re7+ Rxe7 35. Qxe7+ Kg8 36. g4 (36. Qxh7+ Kf8 $14) 36... Bxg4 37. Qe8+ (37. Qxh7+ Kf8 $14) 37... Kg7 38. Qe7+ Kg8 39. Qe8+ (39. Qxh7+ Kf8 $11) 39... Kg7 40. Qe7+ Kg8 $11) 33. Qb8 Re7 ({Black should try} 33... Bg4 $17 34. Re3 Bxf3 35. Rxf3 Qa1+ 36. Kh2 Rxf3 37. gxf3 Qxa2) 34. Rxe7+ $11 Qxe7 35. Ne5 Kh6 36. f4 {Threatens to win with g4.} c4 37. Qg8 {aiming for Nf7+.} Kh5 38. Qxc4 Qa3 39. Qd4 Qc1+ 40. Kh2 {Qf2 is the strong threat.} Qxc2 {[%mdl 8192]} (40... Qe1 $14) 41. Qe3 $2 (41. Qd8 {mates} h6 42. Kg3 Qxg2+ 43. Kxg2 g5 44. fxg5 Kh4 45. g6+ Kh5 46. Kg3 Bxg6 47. Qh4#) 41... Qc5 {[#]} (41... Qxa2 $11 {remains equal.} 42. Qg3 Kh6) 42. Qg3 (42. d4 $1 $16 {[%cal Rd4c5]} Qd5 43. Qg3) 42... Qe7 43. Qf3+ Kh6 44. Qe3 (44. Nxc6 $11 Qh4+ 45. Kg1) 44... Kg7 $17 45. Qd4 {[#]} ({White should play} 45. Kg3) 45... Kh6 ({Better is} 45... c5 $1 $17 46. Qf2 Be6) 46. Nxc6 $11 {The position is equal.} Qh4+ 47. Kg1 Qe1+ 48. Kh2 Qd2 $2 {[%mdl 40960] Weighted Error Value: White=0.53/Black=0.36. An unexpected result.} (48... Qh4+ $11 49. Kg1 Qg3) 1/2-1/2

[Event "VIII Iberoamericano Mexico 2022"]
[Site "Mexico City"]
[Date "2022.02.19"]
[Round "8.40"]
[White "Vega Garcia, Jorge Arturo"]
[Black "Castellanos Hernandez, Emilio Au"]
[Result "1/2-1/2"]
[WhiteElo "2121"]
[BlackElo "1939"]
[Annotator "TA"]
[PlyCount "36"]
[EventDate "2022.02.12"]
[EventType "swiss"]
[EventCountry "MEX"]
[SourceTitle "playchess.com"]
[Source "ChessBase"]
[SourceQuality "1"]

{[%evp 11,36,26,18,0,0,0,0,-16,-9,-25,-33,-21,-18,-18,-18,-22,-7,-14,-2,-25,-33,-68,-74,-136,-99,-215,-42]} 1. d4 d5 2. c4 e6 3. Nc3 Bb4 4. Qa4+ Nc6 5. e3 Nf6 6. Nf3 O-O 7. a3 {D38: Queen's Gambit Declined: Ragozin Defence (4 Nf3 Bb4).} Bxc3+ 8. bxc3 Re8 9. Be2 {The position is equal.} Bd7 {[%cal Oc6d4] And now ...Nxd4! would win.} 10. Qc2 Na5 {[#]} 11. Ne5 $146 ({Predecessor:} 11. cxd5 exd5 12. Ne5 c5 13. O-O Rc8 14. Bd3 g6 15. Qe2 cxd4 16. cxd4 Nb3 17. Rb1 Nxc1 18. Rfxc1 Rxc1+ 19. Rxc1 {1-0 (39) Dahale,A (2140)-Kanishk,S (1808) Mumbai 2018}) 11... Nxc4 12. Nxc4 dxc4 13. Bxc4 c5 14. O-O Qc7 {...cxd4 is the strong threat.} 15. Qe2 e5 {[%cal Be6e5,Be5e4][%mdl 32]} 16. d5 e4 $1 17. Ba2 (17. Rb1 $142) 17... Qe5 ({Don't play} 17... Ng4 $6 18. f4 $14) 18. Bb2 {[#]} (18. h3 $17) 18... Qg5 $2 {Weighted Error Value: White=0.29 (precise) /Black=0.05 (flawless)} ({But not} 18... Nxd5 19. c4 Nf4 20. exf4 Qxf4 21. Rae1 $18) (18... Ng4 $1 $19 {[%csl Gg4][%cal Re5h2]} 19. g3 Qh5) 1/2-1/2

[Event "VIII Iberoamericano Mexico 2022"]
[Site "Mexico City"]
[Date "2022.02.19"]
[Round "8.41"]
[White "Pla, Silvio"]
[Black "Lopez Padilla, Piero Raul"]
[Result "1-0"]
[WhiteElo "2113"]
[BlackElo "1898"]
[Annotator "NA RC"]
[PlyCount "65"]
[EventDate "2022.02.12"]
[EventType "swiss"]
[EventCountry "MEX"]
[SourceTitle "playchess.com"]
[Source "ChessBase"]
[SourceQuality "1"]
[TimeControl "5400+30"]

1. d4 {[%emt 0:00:30]} Nf6 {[%emt 0:01:46]} 2. Bf4 {[%emt 0:00:00]} g6 {[%emt 0:00:11]} 3. e3 {[%emt 0:00:00]} Bg7 {[%emt 0:00:11]} 4. Nf3 {[%emt 0:00:05]} b6 {[%emt 0:00:25]} 5. Nbd2 {[%emt 0:01:13]} c5 {[%emt 0:00:21]} 6. c3 {[%emt 0:00:18]} Bb7 {[%emt 0:00:16]} 7. h3 {[%emt 0:00:20]} O-O {[%emt 0:00:08]} 8. Be2 {[%emt 0:00:27]} d6 {[%emt 0:00:24]} 9. O-O {[%emt 0:00:11]} Nbd7 {[%emt 0:00:19]} 10. a4 {[%emt 0:01:39] 10.Bh2 is the fancy move.} a6 {[%emt 0:00:18]} 11. Bh2 {[%emt 0:01:49]} Bc6 {[%emt 0:04:15]} 12. Bd3 {[%emt 0:15:09] [#]} d5 $146 {[%emt 0:01:17]} ({Predecessor:} 12... b5 13. e4 c4 14. Bc2 Bb7 15. Qe2 Ne8 16. e5 dxe5 17. Nxe5 Nxe5 18. Bxe5 Nf6 19. Ne4 Nd7 20. Bxg7 Kxg7 {1-0 (39) Drabke,L (2462)-Spornberger,M (2347) Austria 2016}) 13. Qe2 {[%emt 0:01:40]} c4 {[%emt 0:07:59]} 14. Bc2 {[%emt 0:00:10]} Ra7 {[%emt 0:00:59]} 15. Ne5 {[%emt 0:07:48]} Nxe5 {[%emt 0:00:58]} 16. Bxe5 {[%emt 0:00:22]} Qa8 {[%emt 0:02:17]} 17. f4 {[%emt 0:12:15]} b5 {[%emt 0:04:50]} 18. a5 {[%emt 0:04:49]} Ne4 {[%emt 0:07:48]} 19. Nxe4 {[%emt 0:03:15]} dxe4 {[%emt 0:00:06]} 20. Bxg7 {[%emt 0:00:12]} Kxg7 {[%emt 0:00:07]} 21. f5 {[%emt 0:01:18]} f6 {[%emt 0:02:43]} 22. Qg4 {[%emt 0:02:46]} e6 {[%emt 0:07:14]} 23. fxg6 {[%emt 0:12:52]} f5 {[%emt 0:00:26]} 24. Qf4 {[%emt 0:00:50]} hxg6 {[%emt 0:00:12]} 25. Qe5+ {[%emt 0:00:14]} Kf7 {[%emt 0:00:31]} 26. Rf4 {[%emt 0:06:13]} Qb8 {[%emt 0:05:31]} 27. Qc5 $17 {[%emt 0:00:57]} ({White should play} 27. Rd1 $15) 27... Bd5 {[%emt 0:00:20]} 28. Raf1 {[%emt 0:01:08]} g5 {[%emt 0:12:14]} 29. Rxf5+ {[%emt 0:02:18]} exf5 {[%emt 0:04:11]} 30. Rxf5+ {[%emt 0:00:01]} Kg6 {[%emt 0:04:47]} 31. Rxf8 {[%emt 0:00:50]} Qb7 {[%emt 0:02:51]} 32. Rd8 {[%emt 0:02:38]} Bf7 {[%emt 0:02:08]} 33. Qe5 {[%emt 0:00:23]} 1-0

[Event "VIII Iberoamericano Mexico 2022"]
[Site "Mexico City"]
[Date "2022.02.19"]
[Round "8.42"]
[White "Fernandez Sanchez, Mario Andres"]
[Black "Torres Rivas, Felipe de Jesus"]
[Result "0-1"]
[WhiteElo "2093"]
[BlackElo "1845"]
[Annotator "TA"]
[PlyCount "124"]
[EventDate "2022.02.12"]
[EventType "swiss"]
[EventCountry "MEX"]
[SourceTitle "playchess.com"]
[Source "ChessBase"]
[SourceQuality "1"]

{[%evp 25,124,33,31,27,31,31,19,25,15,22,28,0,24,0,0,-33,31,25,83,82,97,0,39,35,35,22,25,21,28,19,22,29,41,0,0,0,0,0,0,0,0,0,104,-427,-436,-431,-458,-455,-429,-456,-454,-446,-443,-380,-372,-509,-498,-560,-556,-554,-554,-554,-547,-553,-516,-520,0,-544,-550,-544,-547,-546,-519,-541,-466,-735,-653,-783,-709,-820,-812,-1989,-1960,-2228,-2472,-2440,-2368,-1872,-1835,-1687,-1631,-1366,-1198,-29976,-29977,-2855,-2452,-2124,-1942,-2867,-2846]} 1. d4 d5 2. c4 e6 3. Nf3 Nf6 4. g3 Bb4+ 5. Bd2 Be7 6. Bg2 O-O 7. O-O Nbd7 8. Qc2 c6 9. Rd1 b6 10. Bf4 Bb7 11. Nc3 Rc8 12. b3 Nh5 13. Bc1 f5 14. e3 {E08: Closed Catalan: Main Line: 7 Qc2.} Bd6 15. Bb2 Qe7 16. a4 {The position is equal.} a5 {[#]} 17. Rac1 $146 ({Predecessor:} 17. Ne2 Nhf6 18. Nc1 Ne4 19. Nd3 c5 20. dxc5 Ndxc5 21. Nxc5 Bxc5 22. Ne5 Rc7 23. Rac1 {1-0 (50) Dragomirescu,A (2288)-Vajda,S (2362) Szombathely 2004}) 17... Nhf6 18. Qb1 Ba6 19. Bf1 {[%cal Oc4c5] And now c5! would win.} Bb7 20. cxd5 Nxd5 (20... exd5 $15 21. Ne2 (21. Qxf5 Ne4 $11) 21... Ne4) 21. Bg2 $14 c5 (21... Bb4 $11) 22. Nb5 $16 Bb8 {[#]} 23. Ba3 ({White should try} 23. Nd2 $1 $16) 23... Nb4 (23... f4 $5 {[%cal Rf4g3]} 24. exf4 (24. gxf4 Bxf4 25. Qd3 Bb8 $17) 24... Nxf4 25. gxf4 Rxf4 $11) 24. Bxb4 cxb4 25. Rxc8 Rxc8 26. Rc1 Qe8 27. Nd2 Bxg2 28. Kxg2 Nf6 29. Rxc8 (29. f3 $14 {is superior.}) 29... Qxc8 $11 30. Nc4 Qc6+ 31. Kg1 Ne4 32. Qd3 Ng5 {...Nh3+ is the strong threat.} 33. d5 $1 Nf3+ (33... exd5 $11 {keeps the balance.} 34. Qxf5 dxc4 35. Qxg5 Qd7 36. bxc4 b3) 34. Kf1 $2 {[%mdl 8192]} (34. Kg2 $16 {is forced if you want to stay better.} exd5 {[#]} 35. Nxa5 $1 Nh4+ 36. gxh4 bxa5 37. Qxf5) 34... exd5 $19 35. Nb2 Qc1+ 36. Nd1 Qd2 37. Nb2 {[%cal Od3f5]} Qxd3+ ({Not} 37... Qe1+ 38. Kg2 Nd2 39. Qxd5+ Kf8 40. Qxf5+ Ke7 41. Qd3 $18 (41. Kh3 Qf1+ 42. Kg4 Qe2+ 43. Kh3 Qf1+ 44. Kh4 g6 $11)) 38. Nxd3 {[%mdl 4096] Endgame KBN-KNN} Nd2+ 39. Ke2 Nxb3 40. f4 Kf7 41. Kd1 Nc5 42. Nb2 Kg6 43. Ke2 Kf6 44. Kd2 Ke7 45. Nd4 Kf6 46. Nb5 $1 h5 47. Ke2 g6 48. Kd2 Ke7 49. Kc2 Kd7 {White must now prevent ...Bd6.} 50. Kd2 (50. Nd4 $142) 50... Bd6 51. Kc2 Be7 52. Nd3 Bf6 53. Nxc5+ bxc5 {KB-KN} 54. h3 Kc6 55. Na7+ Kb6 56. Nc8+ Kc7 57. Na7 d4 58. Nb5+ Kc6 59. Kd3 dxe3 60. Kxe3 Kd5 {Black is clearly winning.} 61. Nc7+ Kc4 62. Ne6 Kc3 {Weighted Error Value: White=0.39/Black=0.14 (very precise)} 0-1

[Event "VIII Iberoamericano Mexico 2022"]
[Site "Mexico City"]
[Date "2022.02.19"]
[Round "8.43"]
[White "Alvidrez Aguirre, Genaro"]
[Black "Avila Bautista, Roberto Al"]
[Result "0-1"]
[WhiteElo "1880"]
[BlackElo "2090"]
[Annotator "TA"]
[PlyCount "64"]
[EventDate "2022.02.12"]
[EventType "swiss"]
[EventCountry "MEX"]
[SourceTitle "playchess.com"]
[Source "ChessBase"]
[SourceQuality "1"]

{[%evp 18,64,47,-12,-10,-16,-17,-16,0,0,4,-33,-20,-81,-80,-108,-108,-112,-105,-110,-97,-141,-142,-150,-148,-169,-161,-173,-175,-200,-193,-221,-218,-218,-155,-191,-204,-406,-401,-437,-442,-451,-452,-452,-441,-488,-443,-468,-482]} 1. e4 c5 2. Nf3 g6 3. d4 cxd4 4. Nxd4 Bg7 5. c4 Nc6 6. Be3 Nf6 7. Nc3 Ng4 8. Qxg4 Nxd4 9. Qd1 Ne6 10. Bd3 (10. Rc1 $14) 10... Bxc3+ $11 {B39: Sicilian: Maroczy Bind with 5...Bg7 and 7...Ng4.} 11. bxc3 b6 12. O-O {[#]} Bb7 $146 {The position is equal.} ({Predecessor:} 12... Qc7 13. f4 Nc5 14. Bc2 Bb7 15. a4 f6 16. Qe2 d6 17. f5 Nd7 18. Bd4 Ne5 {0-1 (54) Reshef,O (2453)-Perelshteyn,E (2523) Dallas 2017}) 13. Bd4 O-O {[%cal Bh8f8,Bf8c8,Bc8c5,Bc5a5][%mdl 32]} 14. Qd2 Qc7 15. Qh6 (15. f4 $11) 15... Qf4 $17 16. Be3 {[#]} Qxh6 17. Bxh6 Rfc8 18. Rfe1 {[%cal Bf1e1,Be1e2,Be2d2,Bd2d6][%mdl 32]} Rc5 19. Rad1 (19. Reb1 $142) 19... d6 20. Be3 Ra5 21. Re2 Rc8 22. f4 Ba6 ({Worse is} 22... Nc5 23. Bxc5 Rcxc5 24. Rb1) 23. f5 Nc5 {[%cal Be6c5,Bc5a4,Ba4c3,Bc3d1][%mdl 32]} 24. Bb1 Bxc4 25. Red2 Na4 26. f6 Nxc3 27. fxe7 $2 (27. Rc1 {might work better.} Nxb1 28. Rxb1) 27... Nxd1 $19 28. Rxd6 {[#] Black must now prevent Rd8+.} Re8 {Black is clearly winning.} 29. Rd8 {[#]} (29. Bd2 Rh5) 29... Bb5 30. Rxd1 (30. Bd2 Nb2) 30... Rxe7 31. Bg5 {[#]} Ba4 $1 {[%mdl 512]} 32. Rd8+ (32. Bxe7 Bxd1) 32... Re8 {White got outplayed after the opening.  Weighted Error Value: White=0.33/Black=0.07 (flawless)} 0-1

[Event "VIII Iberoamericano Mexico 2022"]
[Site "Mexico City"]
[Date "2022.02.19"]
[Round "8.44"]
[White "Fernandez Pozas, Pablo Antonio"]
[Black "Benito De Leo, Estefania"]
[Result "1-0"]
[WhiteElo "2072"]
[BlackElo "1657"]
[Annotator "TA"]
[PlyCount "69"]
[EventDate "2022.02.12"]
[EventType "swiss"]
[EventCountry "MEX"]
[SourceTitle "playchess.com"]
[Source "ChessBase"]
[SourceQuality "1"]

{[%evp 17,68,32,32,29,64,60,95,95,87,90,97,95,104,103,108,109,121,124,136,123,160,160,163,119,174,125,181,164,227,238,264,231,425,402,789,724,1591,1591,1554,1541,2437,2281,1813,824,29991,29990,29992,29991,29995,29995,29998,29999,29999]} 1. d4 Nf6 2. c4 g6 3. Nc3 d5 4. cxd5 Nxd5 5. e4 Nxc3 6. bxc3 Bg7 7. Nf3 O-O 8. Be2 c5 9. Be3 Qa5 {9...b6 is the modern continuation.} 10. O-O {D85: Exchange Grünfeld: Unusual White 7th moves and lines with 7 Nf3.} Rd8 11. Qb3 Nc6 {[%cal Rc5d4]} 12. d5 {White is better.} (12. Ng5 e6 13. d5 exd5 $11) 12... Ne5 13. Nxe5 Bxe5 {[#]} 14. Rac1 $1 a6 15. f4 Bg7 {[#]} 16. c4 $146 {White is more active.} ({Predecessor:} 16. Bf3 Qc7 17. c4 e5 18. g3 Rd6 19. Qa3 b6 20. fxe5 Bxe5 21. Bf4 Rf6 22. Bxe5 Qxe5 {1-0 (39) Ruzicka,M (2059)-Jablonicky,M (1827) Tatranske Zruby 2012}) 16... Qc7 17. e5 Bf5 18. Bf3 h5 19. h3 Rab8 20. Qa3 (20. Qc3 $18) 20... b6 (20... Rdc8 $16 {was necessary.} 21. Rfd1 Bf8) 21. Rf2 ({Resist} 21. Qxa6 $6 f6 $16) (21. g4 $18 Bc8 22. Kf2) 21... Bc8 (21... h4 $16) 22. g4 h4 (22... hxg4 $142 23. hxg4 Bd7) 23. Re2 $18 g5 24. Rce1 f6 $2 (24... Bb7 25. Bd2 Rf8) 25. Bd2 {[%cal Od5d6] aiming for d6!} gxf4 (25... fxe5 $142 26. fxe5 (26. fxg5 e6 $18) 26... Rf8) 26. Bxf4 {Threatens to win with d6.} fxe5 27. Bxe5 Bxe5 28. Rxe5 Rf8 29. Qe3 {White wants to mate with Qg5+.} Rf7 {[#]} 30. Qh6 $1 e6 {[#]} (30... Bf5 31. Qxh4) 31. d6 $1 {White mates.} Qd7 (31... Qd8 32. Rg5+) 32. Bc6 Qa7 33. d7 Rg7 34. d8=Q+ Kf7 35. Rf1# {Weighted Error Value: White=0.10 (very precise) /Black=0.52} 1-0

[Event "VIII Iberoamericano Mexico 2022"]
[Site "Mexico City"]
[Date "2022.02.19"]
[Round "8.45"]
[White "Ortiz Verdezoto, Anahi"]
[Black "Zaragoza Alanis, Miguel Arnulfo"]
[Result "1-0"]
[WhiteElo "2047"]
[BlackElo "1342"]
[Annotator "ChessBase"]
[PlyCount "67"]
[EventDate "2022.02.12"]
[EventType "swiss"]
[EventCountry "MEX"]
[SourceTitle "playchess.com"]
[Source "ChessBase"]
[SourceQuality "1"]
[TimeControl "5400+30"]

1. d4 {[%emt 0:00:04]} Nf6 {[%emt 0:00:00]} 2. c4 {[%emt 0:00:11]} g6 {[%emt 0:00:01]} 3. Nc3 {[%emt 0:00:08]} d5 4. cxd5 {[%emt 0:00:10]} Nxd5 {[%emt 0:00:03]} 5. Nf3 {[%emt 0:00:15]} Bg7 {[%emt 0:00:13]} 6. e4 {[%emt 0:00:11]} Nxc3 {[%emt 0:00:04]} 7. bxc3 {[%emt 0:00:03]} c5 {[%emt 0:00:29]} 8. h3 {[%emt 0:00:22]} Nc6 {[%emt 0:00:06]} 9. Be3 {[%emt 0:00:07]} cxd4 10. cxd4 {[%emt 0:00:28]} Qa5+ {[%emt 0:00:29]} 11. Bd2 {[%emt 0:00:09]} Qa3 {[%emt 0:00:04]} 12. d5 {[%emt 0:00:18]} Ne5 13. Nxe5 {[%emt 0:00:17]} Bxe5 {[%emt 0:00:14]} 14. Bb5+ {[%emt 0:00:04]} Kf8 {[%emt 0:01:11]} 15. Rb1 {[%emt 0:03:06]} Kg7 {[%emt 0:03:02]} 16. Qe2 {[%emt 0:02:47]} e6 {[%emt 0:05:27]} 17. O-O {[%emt 0:01:33]} Qe7 {[%emt 0:00:52]} 18. Bc4 {[%emt 0:07:04]} b6 {[%emt 0:01:22]} 19. Be3 {[%emt 0:04:28]} Bd6 {[%emt 0:04:13]} 20. e5 {[%emt 0:10:19]} Bxe5 {[%emt 0:03:24]} 21. Bh6+ {[%emt 0:00:43]} Kxh6 {[%emt 0:00:20]} 22. Qxe5 {[%emt 0:00:02]} f6 {[%emt 0:02:10]} 23. Qe3+ {[%emt 0:00:23]} Kg7 {[%emt 0:00:16]} 24. dxe6 {[%emt 0:00:03]} Bb7 {[%emt 0:03:23]} 25. Rfd1 {[%emt 0:04:50]} Rhd8 {[%emt 0:00:53]} 26. Bb5 {[%emt 0:01:04]} a6 {[%emt 0:12:54]} 27. Bd7 {[%emt 0:05:05]} Bc8 {[%emt 0:12:13]} 28. Rxb6 {[%emt 0:01:22]} Ra7 {[%emt 0:11:46]} 29. Rc6 {[%emt 0:01:03]} Ra8 {[%emt 0:01:30]} 30. Rc7 {[%emt 0:05:38]} Kf8 {[%emt 0:05:18]} 31. Qc1 {[%emt 0:05:35]} Bxd7 {[%emt 0:01:48]} 32. Qh6+ {[%emt 0:00:51]} Qg7 {[%emt 0:00:41]} 33. e7+ {[%emt 0:00:12]} Kf7 {[%emt 0:00:53]} 34. Qxg7+ {[%emt 0:00:07]} 1-0

[Event "VIII Iberoamericano Mexico 2022"]
[Site "Mexico City"]
[Date "2022.02.19"]
[Round "8.46"]
[White "Ramirez Toledo, Ayleen Maribel"]
[Black "Fernandez Rivero, Karla July"]
[Result "1/2-1/2"]
[WhiteElo "1810"]
[BlackElo "2025"]
[Annotator "ChessBase"]
[PlyCount "67"]
[EventDate "2022.02.12"]
[EventType "swiss"]
[EventCountry "MEX"]
[SourceTitle "playchess.com"]
[Source "ChessBase"]
[SourceQuality "1"]
[TimeControl "5400+30"]

1. Nf3 {[%emt 0:00:03]} Nf6 {[%emt 0:00:18]} 2. g3 {[%emt 0:00:05]} e6 {[%emt 0:00:23]} 3. Bg2 {[%emt 0:00:05]} d5 {[%emt 0:00:21]} 4. O-O {[%emt 0:00:15]} Be7 {[%emt 0:00:32]} 5. c4 dxc4 {[%emt 0:00:27]} 6. Qa4+ {[%emt 0:00:22]} c6 {[%emt 0:00:37]} 7. Qxc4 {[%emt 0:00:08]} b5 {[%emt 0:00:33]} 8. Qc2 {[%emt 0:00:08]} Bb7 {[%emt 0:00:28]} 9. d3 {[%emt 0:00:16]} c5 {[%emt 0:03:32]} 10. a4 {[%emt 0:00:47]} b4 {[%emt 0:01:11]} 11. Nbd2 {[%emt 0:00:24]} O-O {[%emt 0:01:06]} 12. Nc4 {[%emt 0:00:14]} Nc6 {[%emt 0:04:25]} 13. a5 {[%emt 0:07:39]} Rc8 {[%emt 0:06:37]} 14. b3 {[%emt 0:06:40]} Nd5 {[%emt 0:10:05]} 15. Bb2 {[%emt 0:05:49]} Nc7 {[%emt 0:11:23]} 16. e3 {[%emt 0:08:09]} Nb5 {[%emt 0:05:05]} 17. Nfe5 {[%emt 0:05:52]} Bf6 {[%emt 0:04:49]} 18. f4 {[%emt 0:08:19]} Ba8 {[%emt 0:14:03]} 19. Rf2 {[%emt 0:19:55]} Nxe5 {[%emt 0:05:33]} 20. Nxe5 {[%emt 0:00:50]} Bxg2 {[%emt 0:00:56]} 21. Rxg2 {[%emt 0:00:36]} Bxe5 {[%emt 0:01:12]} 22. Bxe5 {[%emt 0:00:16]} Na3 {[%emt 0:00:48]} 23. Qd1 {[%emt 0:06:44]} Qxa5 {[%emt 0:12:29]} 24. Qg4 {[%emt 0:03:09]} f6 {[%emt 0:02:47]} 25. Qxe6+ {[%emt 0:00:15]} Kh8 {[%emt 0:00:07]} 26. Bb2 {[%emt 0:00:49]} Rfe8 {[%emt 0:03:06]} 27. Qf5 {[%emt 0:04:39]} Qb6 {[%emt 0:00:31]} 28. g4 {[%emt 0:03:19]} Qe6 {[%emt 0:04:30]} 29. Qxe6 {[%emt 0:02:37]} Rxe6 {[%emt 0:00:02]} 30. e4 {[%emt 0:07:21]} Rd8 {[%emt 0:05:57]} 31. Bxa3 {[%emt 0:02:05]} bxa3 {[%emt 0:00:05]} 32. Rxa3 {[%emt 0:00:06]} Rxd3 {[%emt 0:01:11]} 33. Rxa7 {[%emt 0:00:05]} h6 {[%emt 0:00:25]} 34. Kh1 {[%emt 0:09:29]} 1/2-1/2

[Event "VIII Iberoamericano Mexico 2022"]
[Site "Mexico City"]
[Date "2022.02.19"]
[Round "8.47"]
[White "Jorajuria Mendoza, Zuben Algenubi"]
[Black "Guevara Sanchez, Erick Marvin"]
[Result "1-0"]
[WhiteElo "1582"]
[BlackElo "2145"]
[Annotator "TA"]
[PlyCount "69"]
[EventDate "2022.02.12"]
[EventType "swiss"]
[EventCountry "MEX"]
[SourceTitle "playchess.com"]
[Source "ChessBase"]
[SourceQuality "1"]

{[%evp 9,69,11,11,8,10,-25,-14,-30,58,48,91,114,107,68,76,70,76,0,0,0,73,60,131,127,117,35,41,38,41,5,43,36,53,3,29,13,10,0,93,79,95,16,83,68,317,306,285,117,381,366,520,527,686,678,1765,1243,2653,2454,29997,29994,29994,963]} 1. e4 d5 2. exd5 Qd7 3. d6 Qxd6 4. Nc3 a6 5. d4 Nf6 6. Nf3 {[#] B01: Scandinavian Defence.} Bg4 $146 ({Predecessor:} 6... b5 7. g3 Bb7 8. Bg2 e6 9. O-O Qc6 10. Qe2 Qb6 11. a4 b4 12. a5 Qa7 {1-0 (64) Thilakarathne,G (2405)-Wijekoon,C (1889) Nugegoda 2019}) 7. g3 Nc6 8. Bg2 {The position is equal.} Qe6+ (8... O-O-O $11) 9. Be3 $14 Nd5 (9... Qf5 $14 {might be stronger.}) 10. Nxd5 $16 Qxd5 11. O-O Qh5 {Inhibits h3.} 12. Bf4 O-O-O {[%cal Oc6d4]} 13. Qd3 (13. h3 $1 $16 {[%cal Rh3g4]} Bxf3 14. Bxf3) 13... f6 $11 {Threatens to win with ...e5.} 14. Qb3 g5 (14... Na5 $11 15. Qc3 Nc6) 15. Bd2 {Strongly threatening d5.} (15. Bxc7 $5 Kxc7 16. d5 $11) 15... Bh3 ({Black should play} 15... e6 $14) 16. d5 $16 Nb8 17. c4 (17. Bxh3+ $16 Qxh3 18. Nd4) 17... Bxg2 18. Kxg2 e5 {Prevents Nd4.} 19. Rfe1 (19. Rac1 {seems wilder.} Nd7 20. Be3 Nc5 21. Qc2 Qg6 22. Rfd1) 19... Qf7 20. Rac1 h5 21. Qd3 (21. Be3 $14) 21... Nd7 $11 22. b4 Qh7 23. Qe2 Qf5 (23... Nb6 $11 {keeps the balance.}) 24. c5 $16 {[%cal Bc4c5,Bc5d6][%mdl 32]} Nb8 25. Qc4 ({White should try} 25. d6 $1 $16) 25... Qd7 {Inhibits b5.} (25... h4 $11 26. Rc3 hxg3 27. fxg3 Qd7) 26. d6 $1 {[%cal Od2g5] And now Bxg5! would win. White is more active.} cxd6 $2 (26... Bh6 $14) 27. cxd6+ $18 Nc6 {[#]} 28. a4 (28. Bxg5 $1 $18 {[%mdl 512] and the rest is easy.} Qxd6 29. Rcd1) 28... Kb8 $2 {[%mdl 8192]} (28... g4 $16 29. Nxe5 fxe5) 29. b5 axb5 (29... g4 $142) 30. axb5 {Qa2 is the strong threat.} Qxd6 {[%cal Og5g4]} 31. bxc6 Qc7 {[#]} 32. Ba5 $1 {[%mdl 512]} Qxa5 (32... Qxc6 33. Bxd8) 33. c7+ Kc8 34. cxd8=Q+ Kxd8 35. Qc8+ {Weighted Error Value: White=0.32/Black=0.85} 1-0